Bhautik bhoogol (Record no. 309040)

MARC details
000 -LEADER
fixed length control field 00465nam a22001937a 4500
005 - DATE & TIME
control field 20231201145411.0
008 - FIXED-LENGTH DATA ELEMENTS--GENERAL INFORMATION
fixed length control field 231201b |||||||| |||| 00| 0 eng d
020 ## - ISBN
International Standard Book Number 9789380285849
Price Rs. 350.00
040 ## - CATALOGING SOURCE
Original cataloging agency VIVEKANANDA LIBRARY
082 ## - DDC NUMBER
Classification number 910.02
Book Number L15B(2)
100 ## - MAIN ENTRY--PERSONAL NAME
Personal name Lal, D S
245 ## - TITLE STATEMENT
Title Bhautik bhoogol
250 ## - EDITION STATEMENT
Edition statement 2nd
260 ## - PUBLICATION, DISTRIBUTION, ETC. (IMPRINT)
Place of publication, distribution, etc Prayagraj
Name of publisher, distributor, etc Sharda Pustak Bhawan
Date of publication, distribution, etc 2020
300 ## - PHYSICAL DESCRIPTION
Pages 572
650 ## - Subject
Subject Geography
650 ## - Subject
Subject Physical Geography
942 ## - ADDED ENTRY ELEMENTS (KOHA)
Koha item type Books
Holdings
Withdrawn status Lost status Source of classification or shelving scheme Damaged status Not for loan Location (home branch) Sublocation or collection (holding branch) Shelving location Date acquired Koha issues (times borrowed) Koha full call number Accession No. Koha date last seen Koha item type
    Dewey Decimal Classification     VIVEKANANDA LIBRARY VIVEKANANDA LIBRARY Geography Department 01/12/2023   910.02 L15B(2) 407986 01/12/2023 Books
    Dewey Decimal Classification     VIVEKANANDA LIBRARY VIVEKANANDA LIBRARY   01/12/2023 11 910.02 L15B(2) 407987 24/02/2026 Books
© Designed and Maintained by Vivekananda Library, MDU Rohtak